Anteproyecto arquitectónico de centro turístico Hotel y Restaurante en el balneario Campuzano, Chinandega
Presenta una propuesta de anteproyecto arquitectónico de un centro turístico Hotel y Restaurante en el Balneario Campuzano, Chinandega, se aplica una metodología al proceso de diseño para el anteproyecto arquitectónico, se estudian las condiciones físico - naturales del sitio para determinar l...
| Main Authors: | , |
|---|---|
| Other Authors: | |
| Format: | Tesis Section = Libro |
| Language: | Undetermined Spanish |
| Published: |
Managua
UNI
2007
|
| Subjects: |
| LEADER | 01402nam a2200265Ia 4500 | ||
|---|---|---|---|
| 008 | 240830s9999 xx 000 0 und d | ||
| 040 | |a BIBLIOTECA-RUSB/ Mon 728.5 J37 | ||
| 041 | |a spa | ||
| 082 | |a Mon 728.5 J37 | ||
| 100 | 1 | |a Jarquín Márquez, Edwin Antonio | |
| 100 | 1 | |b Ordóñez Barahona, Ronald Enrique | |
| 245 | 1 | 0 | |a Anteproyecto arquitectónico de centro turístico Hotel y Restaurante en el balneario Campuzano, Chinandega |
| 260 | |a Managua |b UNI |c 2007 | ||
| 300 | |a 147 p. :il. | ||
| 500 | |a Contiene: anexos. | ||
| 502 | |a Tesis (Arquitecto) - UNI, 2007. | ||
| 520 | 3 | |a Presenta una propuesta de anteproyecto arquitectónico de un centro turístico Hotel y Restaurante en el Balneario Campuzano, Chinandega, se aplica una metodología al proceso de diseño para el anteproyecto arquitectónico, se estudian las condiciones físico - naturales del sitio para determinar limitantes y potenciales, muestra el plan maestro funcional y la propuesta de anteproyecto arquitectónico de los servicios de alojamiento y alimentación del centro turístico. | |
| 650 | 7 | |a ARQUITECTURA - HOTELES Y RESTAURANTES | |
| 650 | 7 | |b DISEÑO ARQUITECTINICO - PLANOS ARQUITECTÓNICOS | |
| 650 | 7 | |c CENTRO TURÍSTICOS - HOTEL - RESTAURANTE | |
| 650 | 7 | |d HOTEL - BALNEARIO I | |
| 700 | 1 | |a Tutor: |b Rodríguez Vásquez, Eduardo Antonio | |
| 942 | |c BK |2 ddc | ||
| 991 | |a TESIS | ||
| 999 | |c 21505 | ||